Southville International School and Colleges
Your cart is empty.
  • Cart
  • Lists
    Public lists Eva Luna New books Lux_list list_1
    Your lists Log in to create your own lists
  • Log in to your account
  • Your cookies
  • Search history
Southville International School and Colleges
  • Advanced search
  • Recent comments
  • Most popular
  • Libraries

Log in to your account

Log in with GOOGLE


If you do not have an external account, but do have a local account, you can still log in:

  1. Home
  2. MARC view: Community health nursing services in the Department of Health Philippines /
Normal view MARC view ISBD view

Community health nursing services in the Department of Health Philippines / (Record no. 284377)

[ view plain ]
MARC details
000 -LEADER
fixed length control field 00924nam a22003257a 4500
003 - CONTROL NUMBER IDENTIFIER
control field ELib
005 - DATE AND TIME OF LATEST TRANSACTION
control field 20150526155147.0
008 - FIXED-LENGTH DATA ELEMENTS--GENERAL INFORMATION
fixed length control field 130219t xxu||||| |||| 00| 0 eng d
020 ## - INTERNATIONAL STANDARD BOOK NUMBER
International Standard Book Number 9719159316
050 ## - LIBRARY OF CONGRESS CALL NUMBER
Classification number RT 98
Item number .R456 2000
100 ## - MAIN ENTRY--PERSONAL NAME
Personal name Reyala, Jean P.
245 ## - TITLE STATEMENT
Title Community health nursing services in the Department of Health Philippines /
Statement of responsibility, etc Reyala, Jean P. [and 8 others].
250 ## - EDITION STATEMENT
Edition statement 9th ed.
260 ## - PUBLICATION, DISTRIBUTION, ETC. (IMPRINT)
Place of publication, distribution, etc Philippines :
Name of publisher, distributor, etc National League of Philippine Government Nurses, Inc. ,
Date of publication, distribution, etc 2000.
300 ## - PHYSICAL DESCRIPTION
Extent 384 pages :
Other physical details illustrations ;
Dimensions 24 cm.
500 ## - GENERAL NOTE
General note Includes bibliographical references.
650 ## - SUBJECT ADDED ENTRY--TOPICAL TERM
Topical term or geographic name as entry element Community health services.
650 ## - SUBJECT ADDED ENTRY--TOPICAL TERM
Topical term or geographic name as entry element Public health.
942 ## - ADDED ENTRY ELEMENTS (KOHA)
Source of classification or shelving scheme Library of Congress Classification
Koha item type Books
Call number prefix Foreign
Holdings
Withdrawn status Lost status Source of classification or shelving scheme Damaged status Home library Current library Shelving location Date acquired Source of acquisition Total Checkouts Full call number Barcode Date last seen Price effective from Koha item type Date checked out
    Library of Congress Classification   Archives Archives   05/26/2015 Library Fund   RT 98 .R456 2000 C19399 05/15/2018 05/26/2015 Books  
    Library of Congress Classification   Archives Archives   05/26/2015 Library Fund 1 RT 98 .R456 2000 C19400 05/15/2018 05/26/2015 Books 09/09/2015
    Library of Congress Classification   Archives Archives   05/26/2015 Library Fund   RT 98 .R456 2000 C19401 05/15/2018 05/26/2015 Books  

Community health nursing services in the Department of Health Philippines /

APA

Reyala J. P., . (2000). Community health nursing services in the Department of Health Philippines. Philippines: National League of Philippine Government Nurses, Inc.

Chicago

Reyala Jean P, . 2000. Community health nursing services in the Department of Health Philippines. Philippines: National League of Philippine Government Nurses, Inc.

Harvard

Reyala J. P., . (2000). Community health nursing services in the Department of Health Philippines. Philippines: National League of Philippine Government Nurses, Inc.

MLA

Reyala Jean P, . Community health nursing services in the Department of Health Philippines. Philippines: National League of Philippine Government Nurses, Inc. 2000.

  • Place hold
  • Print
  • Cite
  • Add to your cart (remove)
  • Save record
    BIBTEX Dublin Core MARCXML MARC (non-Unicode/MARC-8) MARC (Unicode/UTF-8) MARC (Unicode/UTF-8, Standard) MODS (XML) RIS
  • More searches
    Search for this title in:
    Other Libraries (WorldCat) Other Databases (Google Scholar) Online Stores (Bookfinder.com) Open Library (openlibrary.org)

Exporting to Dublin Core...

SOUTHVILLE LIBRARY

Southville International School and Colleges Library

1281 Tropical Ave. Cor. Luxembourg St., BF Homes International, Las Pinas City

Tel. No. 8256374 / 252358 Loc. 117/146

Powered by Koha